| 000 | 01480nam0a2200361 4500 | ||
|---|---|---|---|
| 001 | RU\NLR\BIBL_A\022088812 | ||
| 005 | 20231222154858.0 | ||
| 010 |
_a978-5-04-189304-0 _93000 |
||
| 021 |
_aRU _bКН-П-23-069580 _9КН-П-23-7058 |
||
| 035 | _a(NLR Aleph) 022088812 | ||
| 090 |
_a12710794 _c12710794 |
||
| 100 | _a20231205d2023 u y0rusy50 ca | ||
| 101 | 1 |
_arus _ceng |
|
| 102 | _aRU | ||
| 105 | _ay z 000ay | ||
| 181 | 0 |
_ai _baxxe |
|
| 182 | 0 | _an | |
| 200 | 1 |
_aЗолотые яблоки Солнца _e[сборник] _fРэй Брэдбери _gперевод с английского Влада Чарного |
|
| 203 |
_aТекст _bвизуальный _cнепосредственный |
||
| 210 |
_aМосква _cЭксмо _d2023 |
||
| 215 |
_a284, [1] с. _d18 |
||
| 225 | 1 | _aPocket book | |
| 225 | 1 | _aPocket modern | |
| 327 | 0 | _aСодерж.: Туманный Горн; Пешеход; Апрельская ведьма; Пустошь; Фрукты на дне вазы; Мальчик-невидимка; Крылатая машина; Убийца; Я больше не увижу вас; Вышивка [и др.] | |
| 333 | _a16+ | ||
| 675 |
_a821.111(73)-32 _v4 |
||
| 686 | 1 | _aШ6(7США)67-445{Лх1979-62} | |
| 700 | 1 |
_aБрэдбери _bР. _f1920-2012 _gРэй _3RU\NLR\AUTH\7716011 |
|
| 942 | _cBOOK | ||
| 980 | _aNB | ||